000 01481nam a2200229Ia 4500
003 Ost
005 20260507075032.0
008 260507s9999||||xx |||||||||||||| ||und||
020 _a3665723977
040 _cfsecg
041 _aara
082 _a330
100 _aطعيمة، ثناء محمد
_eمؤلف
245 0 _aنظم المعلومات المحاسبية في تقييم المشروعات الإستثمارية /
_c ثناء محمد طعيمة
260 _aالاسكندرية:
_bاتراك للنشر والتوزيع,
_c2003
300 _a174 صفحة؛
_bإيضاحات ؛
_c24 سم
520 _aماهية المشروعات الإستثمارية الرأسمالية- أهمية استخدام المعلومات المحاسبية والتحليل الكمي- تقييم المشروعات الإستثمارية الرأسمالية- البيانات والمعلومات المحاسبية اللازمة لتخطيط المشروعات الإستثمارية الرأسمالية- تقييم المشروعات الإستثمارية- تحليل إضافي لطرق تقييم المشروعات الإستثمارية الرأسمالية- تقييم المشروعات الإستثمارية الرأسمالية في ظروف المخاطرة وعدم التأكد
653 _aالمحاسبة
653 _aالمشروعات- الإستثمار
653 _aنظم المعلومات- المؤسسة الممتدة
942 _cكتاب
999 _c42409
_d42409